[Event "Madrid ch sf-A"]
[Site "Madrid ESP"]
[Date "2007.01.16"]
[Round "5.4"]
[White "Horcajada Reales, Guillermo"]
[Black "Perez Cameselle, Francisco Jose"]
[Result "1-0"]
[WhiteElo "2188"]
[BlackElo "1984"]
[PlyCount "57"]
[EventDate "2007.01.08"]
[EventType "swiss"]
[EventRounds "9"]
[EventCountry "ESP"]
[Source "lmi"]
[SourceDate "2007.01.08"]

1. e4 g6 2. d4 c6 3. c4 d5 4. exd5 cxd5 5. cxd5 Nf6 6. Bb5+ Bd7 7. Bc4 Bg7 8.
Qb3 Qb6 9. Nc3 Qxb3 10. Bxb3 O-O 11. Nf3 Na6 12. O-O Bf5 13. Re1 Rfe8 14. a3
Kf8 15. Bf4 Nh5 16. Bd2 Red8 17. h3 Nf6 18. Bf4 Rac8 19. g4 Bd7 20. Re2 Nc7 21.
d6 exd6 22. Bxd6+ Kg8 23. Bxc7 Rxc7 24. Rae1 Bc6 25. d5 Nxd5 26. Nxd5 Bxd5 27.
Re8+ Bf8 28. Rxd8 Bxb3 29. Ree8 1-0

[Event "Madrid ch sf-A"]
[Site "Madrid ESP"]
[Date "2007.01.16"]
[Round "5.5"]
[White "Blanco Sanchez, Jose Fernando"]
[Black "De Paz Nistal, Santiago"]
[Result "1-0"]
[WhiteElo "2159"]
[BlackElo "2180"]
[PlyCount "115"]
[EventDate "2007.01.08"]
[EventType "swiss"]
[EventRounds "9"]
[EventCountry "ESP"]
[Source "lmi"]
[SourceDate "2007.01.08"]

1. e4 c6 2. d4 d5 3. exd5 cxd5 4. Bd3 Nc6 5. c3 Nf6 6. Bf4 e6 7. Qe2 Bd6 8.
Bxd6 Qxd6 9. Nf3 O-O 10. O-O Qf4 11. Re1 Re8 12. Ne5 Nxe5 13. dxe5 Nd7 14. Na3
a6 15. Nc2 Qg5 16. Nd4 Nf8 17. f4 Qxf4 18. Rf1 Qh4 19. Rf3 Ng6 20. Raf1 Rf8 21.
Rh3 Qg5 22. Rh5 Qe7 23. Rf3 f5 24. exf6 Rxf6 25. Bxg6 hxg6 26. Rxd5 Rxf3 27.
Nxf3 Bd7 28. Re5 Re8 29. Qd3 Bc6 30. Nd4 Qd6 31. Qe2 Bd7 32. Nf3 Rf8 33. Qd2
Qxd2 34. Nxd2 Rf5 35. Nf3 Kf7 36. Re3 Rd5 37. Rd3 Rxd3 38. Ne5+ Kf6 39. Nxd3 g5
40. Kf2 Bc6 41. g4 e5 42. Ke3 Ke6 43. Nf2 Kf6 44. Ne4+ Kg6 45. c4 b6 46. b3 Bd7
47. h3 Bc6 48. a3 Kf7 49. Nxg5+ Ke7 50. Ne4 Ke6 51. c5 b5 52. h4 Bd5 53. b4 Bc6
54. Nd6 g6 55. h5 gxh5 56. gxh5 Kf6 57. h6 Kg6 58. Nf5 1-0

[Event "Madrid ch sf-A"]
[Site "Madrid ESP"]
[Date "2007.01.16"]
[Round "5.6"]
[White "De la Fuente Gonzalez, Francisco"]
[Black "Andalon Gomez, Carlos J"]
[Result "1-0"]
[WhiteElo "2242"]
[BlackElo "2023"]
[PlyCount "83"]
[EventDate "2007.01.08"]
[EventType "swiss"]
[EventRounds "9"]
[EventCountry "ESP"]
[Source "lmi"]
[SourceDate "2007.01.08"]

1. g3 d5 2. Bg2 Nf6 3. c4 c6 4. Nf3 e6 5. O-O Be7 6. b3 dxc4 7. bxc4 c5 8. Nc3
O-O 9. d3 Nc6 10. Bf4 Nh5 11. Bd2 Bd7 12. Rb1 b6 13. e3 Rc8 14. e4 Nf6 15. e5
Ne8 16. a3 Nc7 17. Ne4 Be8 18. Bf4 f5 19. exf6 Bxf6 20. Nxf6+ Qxf6 21. Bd6 Rf7
22. Qe2 Rd7 23. Be5 Qd8 24. Rbd1 Bf7 25. Bb2 Ne8 26. Bh3 Nc7 27. Ne5 Nd4 28.
Bxd4 cxd4 29. Nxd7 Qxd7 30. f4 Re8 31. Qe5 Na6 32. a4 Nc5 33. a5 Bg6 34. axb6
axb6 35. f5 exf5 36. Qd5+ Qxd5 37. cxd5 Re3 38. Rf4 Bh5 39. Rd2 Nb3 40. d6 Kf8
41. Rxf5+ Ke8 42. Rdf2 1-0

[Event "Madrid ch sf-A"]
[Site "Madrid ESP"]
[Date "2007.01.16"]
[Round "5.7"]
[White "Suarez Triguero, Alfonso"]
[Black "Pardo Robles, Jose Manuel"]
[Result "1-0"]
[WhiteElo "2188"]
[BlackElo "2032"]
[PlyCount "21"]
[EventDate "2007.01.08"]
[EventType "swiss"]
[EventRounds "9"]
[EventCountry "ESP"]
[Source "lmi"]
[SourceDate "2007.01.08"]

1. e4 c5 2. c4 d6 3. Ne2 Nc6 4. d4 cxd4 5. Nxd4 Nf6 6. Nc3 g6 7. Be2 Bg7 8. Be3
O-O 9. O-O Ng4 10. Bxg4 Bxg4 11. Nxc6 1-0

[Event "Madrid ch sf-A"]
[Site "Madrid ESP"]
[Date "2007.01.16"]
[Round "5.8"]
[White "Carbonell Martinez, Juan"]
[Black "Garcia Gonzalez, Pedro"]
[Result "1-0"]
[WhiteElo "2119"]
[BlackElo "2001"]
[PlyCount "61"]
[EventDate "2007.01.08"]
[EventType "swiss"]
[EventRounds "9"]
[EventCountry "ESP"]
[Source "lmi"]
[SourceDate "2007.01.08"]

1. d4 d5 2. Nf3 Nf6 3. Bf4 c6 4. c3 Bg4 5. Ne5 Bf5 6. Nd2 Nbd7 7. g4 Bxg4 8.
Nxg4 Nxg4 9. e4 Ngf6 10. e5 Ng8 11. Bd3 e6 12. h4 Ne7 13. Qc2 g6 14. h5 Bg7 15.
Bg5 Nb6 16. Nf3 Qd7 17. h6 Bf8 18. Bf6 Rg8 19. Ng5 Nf5 20. Bxf5 gxf5 21. Ke2
Rxg5 22. Bxg5 Be7 23. Rag1 O-O-O 24. Qc1 Rh8 25. Qf4 Kd8 26. Qh4 Nc8 27. Bf6
Rf8 28. Rg7 Bxf6 29. Qxf6+ Qe7 30. Rhg1 Ke8 31. Rxh7 1-0

[Event "Madrid ch sf-A"]
[Site "Madrid ESP"]
[Date "2007.01.16"]
[Round "5.9"]
[White "Lopez Heras, Arturo"]
[Black "Barahona Torrijos, Angel"]
[Result "1-0"]
[WhiteElo "1947"]
[BlackElo "2030"]
[PlyCount "89"]
[EventDate "2007.01.08"]
[EventType "swiss"]
[EventRounds "9"]
[EventCountry "ESP"]
[Source "lmi"]
[SourceDate "2007.01.08"]

1. e4 e5 2. f4 Nf6 3. fxe5 Nxe4 4. Nf3 d5 5. d3 Nc5 6. Be2 Ne6 7. d4 c5 8. c3
cxd4 9. cxd4 Nc6 10. Nc3 Nexd4 11. O-O Bc5 12. Kh1 Be6 13. Bg5 Qc7 14. Nxd4
Nxd4 15. Bb5+ Nxb5 16. Nxb5 Qb6 17. Nc3 O-O 18. Nxd5 Bxd5 19. Qxd5 Be3 20. Be7
Rfe8 21. Rxf7 Kh8 22. Raf1 Bh6 23. Bd6 Qxb2 24. Rxb7 Qe2 25. Rbf7 g6 26. e6 Bg7
27. e7 h5 28. R7f2 Qa6 29. Be5 Rac8 30. Bxg7+ Kxg7 31. Qf7+ Kh6 32. Rf6 Qd3 33.
R6f3 Qe4 34. h3 Rxe7 35. Qf6 Qe5 36. Qh4 Rc2 37. a3 Qe4 38. Qg3 h4 39. Qb8 Qe5
40. Qf8+ Qg7 41. Qf4+ g5 42. Qd6+ Kh5 43. Rf6 Ree2 44. Qd3 Qb7 45. Qg6# 1-0

[Event "Madrid ch sf-A"]
[Site "Madrid ESP"]
[Date "2007.01.16"]
[Round "5.10"]
[White "Lorenzo Bailador, Alfredo"]
[Black "Martin-Consuegra, Javier"]
[Result "1/2-1/2"]
[WhiteElo "2082"]
[BlackElo "1949"]
[PlyCount "29"]
[EventDate "2007.01.08"]
[EventType "swiss"]
[EventRounds "9"]
[EventCountry "ESP"]
[Source "lmi"]
[SourceDate "2007.01.08"]

1. e4 d5 2. exd5 Qxd5 3. Nc3 Qa5 4. d4 c6 5. Nf3 Bf5 6. Ne5 Nd7 7. Qf3 e6 8.
Nc4 Qd8 9. Bd3 Bxd3 10. Qxd3 Ngf6 11. Bf4 Nb6 12. O-O Nxc4 13. Qxc4 Nd5 14.
Nxd5 Qxd5 15. Qxd5 1/2-1/2

[Event "Madrid ch sf-A"]
[Site "Madrid ESP"]
[Date "2007.01.16"]
[Round "5.11"]
[White "Algaba Traspuesto, Jose Antonio"]
[Black "Garcia Fernandez, Jesus"]
[Result "0-1"]
[WhiteElo "1825"]
[BlackElo "1937"]
[PlyCount "44"]
[EventDate "2007.01.08"]
[EventType "swiss"]
[EventRounds "9"]
[EventCountry "ESP"]
[Source "lmi"]
[SourceDate "2007.01.08"]

1. c4 Nf6 2. Nc3 e5 3. g3 Bb4 4. Nf3 Nc6 5. Nd5 e4 6. Nxb4 Nxb4 7. Nd4 c5 8.
Nb5 d5 9. cxd5 Qe7 10. d6 Nd3+ 11. exd3 exd3+ 12. Be2 Qe4 13. f3 dxe2 14. Qb3
Qc6 15. Qe3+ Be6 16. Nc7+ Kd7 17. Nxa8 Rxa8 18. Qxe2 Re8 19. Kf2 Ng4+ 20. Kg2
Bd5 21. Qd3 Bxf3+ 22. Kf1 Bg2+ 0-1

[Event "Madrid ch sf-A"]
[Site "Madrid ESP"]
[Date "2007.01.17"]
[Round "6.1"]
[White "Rabadan Velasco, Raul"]
[Black "Pastor Alonso de Prado, Alberto"]
[Result "0-1"]
[WhiteElo "2254"]
[BlackElo "2212"]
[PlyCount "74"]
[EventDate "2007.01.08"]
[EventType "swiss"]
[EventRounds "9"]
[EventCountry "ESP"]
[Source "lmi"]
[SourceDate "2007.01.08"]

1. d4 e6 2. c4 Bb4+ 3. Nd2 d5 4. a3 Be7 5. b4 Nf6 6. Ngf3 O-O 7. Qc2 a5 8. b5
c5 9. bxc6 Nxc6 10. Bb2 a4 11. e4 dxe4 12. Nxe4 Nxe4 13. Qxe4 Qa5+ 14. Kd1 Rd8
15. Bd3 f5 16. Qe3 Bf6 17. Ke2 Qa7 18. c5 Ne7 19. Rhd1 Nd5 20. Qd2 b6 21. Rac1
bxc5 22. Rxc5 Rb8 23. Ra5 Qc7 24. Rxd5 Rxd5 25. Bc3 Rb3 26. Bb4 Bxd4 27. Qg5
Rxd3 28. Rxd3 Ba6 29. Ne1 f4 30. Qg4 Qe5+ 31. Kd2 Bxf2 32. Kc2 Bxe1 33. Rxd5
exd5 34. Qd7 Qe4+ 35. Kc1 Qe3+ 36. Kd1 Be2+ 37. Kc2 Bd3+ 0-1

[Event "Madrid ch sf-A"]
[Site "Madrid ESP"]
[Date "2007.01.17"]
[Round "6.2"]
[White "Ballesteros Gonzalez, David"]
[Black "Blanco Sanchez, Jose Fernando"]
[Result "1/2-1/2"]
[WhiteElo "2212"]
[BlackElo "2159"]
[PlyCount "33"]
[EventDate "2007.01.08"]
[EventType "swiss"]
[EventRounds "9"]
[EventCountry "ESP"]
[Source "lmi"]
[SourceDate "2007.01.08"]

1. d4 Nf6 2. c4 e5 3. d5 Bb4+ 4. Nd2 a5 5. a3 Bxd2+ 6. Bxd2 d6 7. Qc2 Nbd7 8.
Nf3 Nc5 9. e3 b6 10. h3 Nfe4 11. Bd3 Bf5 12. Bxe4 Bxe4 13. Qc3 Qf6 14. Ke2 Bd3+
15. Ke1 Be4 16. Ke2 Bd3+ 17. Ke1 1/2-1/2

[Event "Madrid ch sf-A"]
[Site "Madrid ESP"]
[Date "2007.01.17"]
[Round "6.3"]
[White "Horcajada Reales, Guillermo"]
[Black "Nuñez Muñoz, Jesus"]
[Result "1-0"]
[WhiteElo "2188"]
[BlackElo "2205"]
[PlyCount "59"]
[EventDate "2007.01.08"]
[EventType "swiss"]
[EventRounds "9"]
[EventCountry "ESP"]
[Source "lmi"]
[SourceDate "2007.01.08"]

1. e4 c5 2. c3 Nf6 3. e5 Nd5 4. d4 cxd4 5. Nf3 Nc6 6. Bc4 Nb6 7. Bb3 d5 8. exd6
Qxd6 9. cxd4 e6 10. Nc3 Be7 11. O-O O-O 12. Be3 Nd5 13. Nxd5 exd5 14. Qd2 Bf5
15. Rac1 Qd8 16. a3 Bf6 17. Rc5 Be6 18. Rfc1 Rc8 19. Ba4 Be7 20. Bxc6 Bxc5 21.
Bxb7 Rb8 22. dxc5 Rxb7 23. c6 Rc7 24. Nd4 Qa8 25. b4 a6 26. a4 Rfc8 27. b5 axb5
28. axb5 Qa4 29. h3 Bd7 30. Bf4 1-0

[Event "Madrid ch sf-A"]
[Site "Madrid ESP"]
[Date "2007.01.17"]
[Round "6.4"]
[White "Suarez Triguero, Alfonso"]
[Black "De la Fuente Gonzalez, Francisco"]
[Result "0-1"]
[WhiteElo "2188"]
[BlackElo "2242"]
[PlyCount "35"]
[EventDate "2007.01.08"]
[EventType "swiss"]
[EventRounds "9"]
[EventCountry "ESP"]
[Source "lmi"]
[SourceDate "2007.01.08"]

1. e4 g6 2. d4 Bg7 3. Nf3 d6 4. c4 Bg4 5. Be2 Nc6 6. Be3 e5 7. d5 Bxf3 8. Bxf3
Nd4 9. Nc3 Ne7 10. Nb5 c5 11. dxc6 Nexc6 12. O-O O-O 13. Nc3 Rc8 14. Be2 f5 15.
exf5 gxf5 16. Nd5 Nxe2+ 17. Qxe2 f4 18. Bxa7 0-1

[Event "Madrid ch sf-A"]
[Site "Madrid ESP"]
[Date "2007.01.17"]
[Round "6.5"]
[White "Lozano Cortijo, Mariano"]
[Black "Carbonell Martinez, Juan"]
[Result "1-0"]
[WhiteElo "2181"]
[BlackElo "2119"]
[PlyCount "113"]
[EventDate "2007.01.08"]
[EventType "swiss"]
[EventRounds "9"]
[EventCountry "ESP"]
[Source "lmi"]
[SourceDate "2007.01.08"]

1. e4 e5 2. Nf3 Nc6 3. d4 exd4 4. Bc4 Nf6 5. e5 d5 6. Bb5 Ne4 7. Nxd4 Bd7 8.
Bxc6 bxc6 9. O-O Bc5 10. f3 Ng5 11. f4 Ne4 12. Be3 Qe7 13. Nd2 Nd6 14. Qe1 Nf5
15. Nxf5 Bxf5 16. c3 Bb6 17. Nb3 c5 18. Qf2 c4 19. Nc5 O-O 20. Bd4 Rfe8 21. b4
a5 22. a3 a4 23. h3 h5 24. Qf3 Bxc5 25. Bxc5 Qh4 26. Bf2 Qe7 27. Qxh5 Bd3 28.
Rfe1 Ra6 29. Qh4 Qd7 30. Bd4 Rg6 31. Re3 Bf5 32. Kh2 Ree6 33. Qf2 Ra6 34. Rg1
Rh6 35. Rge1 Rag6 36. Rg3 Rxg3 37. Qxg3 Rg6 38. Qf2 Be4 39. g4 Rh6 40. Qg3 Qd8
41. g5 Rh8 42. Qg4 g6 43. e6 Bf5 44. e7 Qe8 45. Qg3 Rxh3+ 46. Qxh3 Bxh3 47.
Kxh3 f6 48. Bxf6 Kf7 49. Kg3 c6 50. Rh1 d4 51. Rh8 Qxh8 52. Bxh8 d3 53. Kf3
Kxe7 54. Bd4 Ke6 55. Be3 Kd5 56. Bd2 c5 57. bxc5 1-0

[Event "Madrid ch sf-A"]
[Site "Madrid ESP"]
[Date "2007.01.17"]
[Round "6.6"]
[White "Perez Cameselle, Francisco Jose"]
[Black "Salcedo Tornero, Pablo"]
[Result "0-1"]
[WhiteElo "1984"]
[BlackElo "2176"]
[PlyCount "86"]
[EventDate "2007.01.08"]
[EventType "swiss"]
[EventRounds "9"]
[EventCountry "ESP"]
[Source "lmi"]
[SourceDate "2007.01.08"]

1. Nf3 Nc6 2. d4 d6 3. g3 g6 4. Bg2 Bg7 5. O-O Nf6 6. c4 O-O 7. Nc3 a5 8. e4
Nd7 9. Be3 e5 10. d5 Ne7 11. b3 h6 12. Qc2 b6 13. Nd2 Nc5 14. a3 f5 15. f3 f4
16. Bf2 h5 17. b4 Nd7 18. Rfd1 fxg3 19. hxg3 Bh6 20. Nb3 Ba6 21. c5 bxc5 22.
bxc5 Nc8 23. c6 Nf6 24. Nxa5 h4 25. gxh4 Nh5 26. a4 Bf4 27. Nb5 Ng3 28. Nc4 Rf7
29. Ne3 Qxh4 30. Nf1 Rh7 31. Bxg3 Bxg3 32. Nxg3 Qxg3 33. Qd2 Nb6 34. Qe1 Qg5
35. Kf2 Rh2 36. Qg1 Qh4+ 37. Kf1 Nxa4 38. Rdb1 Rb8 39. Qa7 Bxb5+ 40. Rxb5 Rxb5
41. Qxa4 Rb2 42. Qa8+ Kg7 43. Ra2 Qf2# 0-1

[Event "Madrid ch sf-A"]
[Site "Madrid ESP"]
[Date "2007.01.17"]
[Round "6.7"]
[White "Andalon Gomez, Carlos J"]
[Black "Lopez Heras, Arturo"]
[Result "1/2-1/2"]
[WhiteElo "2023"]
[BlackElo "1947"]
[PlyCount "133"]
[EventDate "2007.01.08"]
[EventType "swiss"]
[EventRounds "9"]
[EventCountry "ESP"]
[Source "lmi"]
[SourceDate "2007.01.08"]

1. d4 Nf6 2. c4 c5 3. d5 b5 4. cxb5 a6 5. b6 e6 6. Nc3 exd5 7. Nxd5 Nxd5 8.
Qxd5 Nc6 9. Nf3 Rb8 10. Ne5 Qf6 11. Nc4 Bb7 12. Bg5 Nd4 13. Bxf6 Bxd5 14. Be5
Rb7 15. e3 Nc2+ 16. Kd2 Nxa1 17. Bc7 d6 18. Na5 Rxc7 19. bxc7 Kd7 20. Bxa6 Kxc7
21. Rxa1 Bxg2 22. Bc4 d5 23. Rg1 Be4 24. Be2 c4 25. a3 g6 26. f3 Bf5 27. e4
Bh6+ 28. Ke1 dxe4 29. fxe4 Bxe4 30. Nxc4 Re8 31. Rg3 Bf4 32. Rc3 Bxh2 33. Rh3
Bf4 34. Rxh7 Bd5 35. Nd2 Rb8 36. b4 Ra8 37. Rh3 Be5 38. Bc4 Bg2 39. Rd3 f6 40.
Bb5 Rd8 41. Rxd8 Kxd8 42. Nc4 Bc3+ 43. Kf2 Ba8 44. Ne3 Kc7 45. Bc4 Kd6 46. Bf7
g5 47. Nc4+ Kc7 48. b5 Bd4+ 49. Kg3 Be4 50. a4 Bc2 51. a5 Ba4 52. b6+ Bxb6 53.
axb6+ Kb7 54. Bd5+ Kb8 55. Kg4 Bb3 56. Ne3 Bxd5 57. Nxd5 Kb7 58. Kf5 Kc6 59.
Kg4 Kb7 60. Kh5 Kc6 61. Kg4 Kb7 62. Kf5 Kc6 63. Ke4 g4 64. Kf4 f5 65. Kg3 Kb7
66. Ne7 Kxb6 67. Nxf5 1/2-1/2

[Event "Madrid ch sf-A"]
[Site "Madrid ESP"]
[Date "2007.01.17"]
[Round "6.8"]
[White "De Paz Nistal, Santiago"]
[Black "Lorenzo Bailador, Alfredo"]
[Result "1/2-1/2"]
[WhiteElo "2180"]
[BlackElo "2082"]
[PlyCount "81"]
[EventDate "2007.01.08"]
[EventType "swiss"]
[EventRounds "9"]
[EventCountry "ESP"]
[Source "lmi"]
[SourceDate "2007.01.08"]

1. e4 e5 2. Nf3 Nc6 3. d4 exd4 4. Nxd4 Bc5 5. Be3 Qf6 6. c3 Nge7 7. Nc2 Bxe3 8.
Nxe3 d6 9. Be2 O-O 10. O-O Qh4 11. Nd2 f5 12. exf5 Nxf5 13. Nf3 Qd8 14. Nxf5
Rxf5 15. Nd4 Nxd4 16. Qxd4 Bd7 17. Bf3 Rxf3 18. gxf3 Bc6 19. f4 Qh4 20. f3 Rf8
21. f5 Qxd4+ 22. cxd4 Rxf5 23. Rac1 Rf4 24. d5 Bxd5 25. Rxc7 Bxf3 26. h3 Rf6
27. Rc3 Rg6+ 28. Kf2 Bc6 29. Rg1 Rf6+ 30. Ke2 Kf7 31. Rcg3 g6 32. Re3 h6 33.
Ke1 g5 34. Rf1 Rf4 35. Rxf4+ gxf4 36. Re2 Kf6 37. Kf2 h5 38. Re1 Kg5 39. Re6
Kh4 40. Rxd6 Kxh3 41. Rg6 1/2-1/2

[Event "Madrid ch sf-A"]
[Site "Madrid ESP"]
[Date "2007.01.17"]
[Round "6.9"]
[White "Garcia Gonzalez, Pedro"]
[Black "Pardo Robles, Jose Manuel"]
[Result "0-1"]
[WhiteElo "2001"]
[BlackElo "2032"]
[PlyCount "72"]
[EventDate "2007.01.08"]
[EventType "swiss"]
[EventRounds "9"]
[EventCountry "ESP"]
[Source "lmi"]
[SourceDate "2007.01.08"]

1. e4 c5 2. Nc3 Nc6 3. g3 g6 4. Bg2 Bg7 5. d3 e6 6. Be3 d6 7. Qd2 Nge7 8. Nge2
Rb8 9. O-O Bd7 10. f4 Nd4 11. Nd1 O-O 12. c3 Nxe2+ 13. Qxe2 Nc6 14. Bf2 Qc7 15.
Ne3 b5 16. a3 a5 17. Rfc1 b4 18. axb4 axb4 19. Qc2 bxc3 20. bxc3 Rb7 21. Nd1
Na5 22. Ra3 c4 23. d4 Rfb8 24. Qa2 Rb5 25. Bf3 d5 26. Ra1 Nb3 27. Ra7 Qc8 28.
Rb1 Nxd4 29. cxd4 Rxb1 30. exd5 exd5 31. Qa5 Bg4 32. Qxd5 Be6 33. Qa5 c3 34.
Rc7 Qd8 35. Qxc3 R1b3 36. Qc6 Bxd4 0-1

[Event "Madrid ch sf-A"]
[Site "Madrid ESP"]
[Date "2007.01.17"]
[Round "6.10"]
[White "Martin-Consuegra, Javier"]
[Black "Garcia Fernandez, Jesus"]
[Result "1/2-1/2"]
[WhiteElo "1949"]
[BlackElo "1937"]
[PlyCount "27"]
[EventDate "2007.01.08"]
[EventType "swiss"]
[EventRounds "9"]
[EventCountry "ESP"]
[Source "lmi"]
[SourceDate "2007.01.08"]

1. d4 d5 2. Nf3 Nf6 3. Bf4 c6 4. e3 Bf5 5. Bd3 Bxd3 6. Qxd3 e6 7. O-O Nbd7 8.
Nbd2 Be7 9. Ne5 Nxe5 10. Bxe5 O-O 11. h3 Bd6 12. Bxd6 Qxd6 13. a3 Rfe8 14. e4
1/2-1/2

[Event "Madrid ch sf-A"]
[Site "Madrid ESP"]
[Date "2007.01.17"]
[Round "6.11"]
[White "Barahona Torrijos, Angel"]
[Black "Algaba Traspuesto, Jose Antonio"]
[Result "1-0"]
[WhiteElo "2030"]
[BlackElo "1825"]
[PlyCount "37"]
[EventDate "2007.01.08"]
[EventType "swiss"]
[EventRounds "9"]
[EventCountry "ESP"]
[Source "lmi"]
[SourceDate "2007.01.08"]

1. e4 e6 2. d4 d5 3. Nc3 dxe4 4. Nxe4 Nd7 5. Nf3 Ngf6 6. Bd3 Nxe4 7. Bxe4 Nf6
8. Bd3 c5 9. O-O cxd4 10. Nxd4 Bc5 11. Be3 Qb6 12. b4 Bxd4 13. Bxd4 Qd8 14. Bc5
b6 15. Bd6 a6 16. Qf3 Nd5 17. Qg3 Qf6 18. Be5 Qh6 19. Bxg7 1-0

[Event "Madrid ch sf-A"]
[Site "Madrid ESP"]
[Date "2007.01.22"]
[Round "7.1"]
[White "Rabadan Velasco, Raul"]
[Black "Horcajada Reales, Guillermo"]
[Result "1/2-1/2"]
[WhiteElo "2254"]
[BlackElo "2188"]
[PlyCount "120"]
[EventDate "2007.01.08"]
[EventType "swiss"]
[EventRounds "9"]
[EventCountry "ESP"]
[Source "lmi"]
[SourceDate "2007.01.08"]

1. d4 d5 2. c4 dxc4 3. Nf3 Nf6 4. e3 e6 5. Bxc4 c5 6. O-O a6 7. a4 Nc6 8. Qe2
cxd4 9. Rd1 Be7 10. exd4 O-O 11. Nc3 Qc7 12. Bg5 b6 13. Rac1 Bb7 14. d5 exd5
15. Bxf6 Bxf6 16. Nxd5 Qd8 17. Qe3 Na5 18. Nxb6 Nxc4 19. Nxc4 Qe8 20. b3 Rd8
21. Nd6 Qxe3 22. fxe3 Rd7 23. Nxb7 Rxb7 24. Rd3 Rfb8 25. Rc6 Kf8 26. Nd2 Rb6
27. Rxb6 Rxb6 28. Nc4 Re6 29. Kf2 Be7 30. Rd5 g6 31. Kf3 f5 32. Re5 Rc6 33. e4
Bf6 34. Rd5 fxe4+ 35. Kxe4 Ke7 36. Rd2 Ke6 37. Kd3 h5 38. Re2+ Kd5 39. Re8 Kc5
40. Rb8 Kd5 41. Rb6 Rxb6 42. Nxb6+ Kc6 43. Nc4 Kd5 44. b4 Be7 45. b5 axb5 46.
axb5 g5 47. b6 Bd8 48. b7 Bc7 49. h3 g4 50. Ne3+ Kc6 51. h4 Kxb7 52. Ke4 Bd8
53. g3 Bc7 54. Nf1 Kc6 55. Kf5 Kd5 56. Kg5 Ke4 57. Kxh5 Kf3 58. Kg5 Bxg3 59.
Nxg3 Kxg3 60. h5 Kf3 1/2-1/2

[Event "Madrid ch sf-A"]
[Site "Madrid ESP"]
[Date "2007.01.22"]
[Round "7.2"]
[White "Pastor Alonso de Prado, Alberto"]
[Black "Ballesteros Gonzalez, David"]
[Result "1-0"]
[WhiteElo "2212"]
[BlackElo "2212"]
[PlyCount "65"]
[EventDate "2007.01.08"]
[EventType "swiss"]
[EventRounds "9"]
[EventCountry "ESP"]
[Source "lmi"]
[SourceDate "2007.01.08"]

1. e4 c5 2. Nf3 Nc6 3. Bb5 d6 4. O-O Nf6 5. Re1 e5 6. Bxc6+ bxc6 7. h3 Be7 8.
c3 O-O 9. d4 cxd4 10. cxd4 exd4 11. Qxd4 Qb6 12. Nc3 Ne8 13. b3 Nc7 14. Qd2 Ne6
15. Ba3 Rd8 16. Na4 Qb5 17. Rad1 Qh5 18. Nb2 g5 19. Nd4 Nxd4 20. Qxd4 c5 21.
Qc3 Qg6 22. Nc4 Be6 23. Bb2 f6 24. Ne3 Re8 25. Nd5 Bxd5 26. Rxd5 Kg7 27. Re3
Rf8 28. Rg3 h6 29. h4 Qxe4 30. hxg5 Kh8 31. Qd2 hxg5 32. Qxg5 Rf7 33. Rh3+ 1-0

[Event "Madrid ch sf-A"]
[Site "Madrid ESP"]
[Date "2007.01.22"]
[Round "7.3"]
[White "Blanco Sanchez, Jose Fernando"]
[Black "De la Fuente Gonzalez, Francisco"]
[Result "0-1"]
[WhiteElo "2159"]
[BlackElo "2242"]
[PlyCount "70"]
[EventDate "2007.01.08"]
[EventType "swiss"]
[EventRounds "9"]
[EventCountry "ESP"]
[Source "lmi"]
[SourceDate "2007.01.08"]

1. e4 g6 2. Nc3 Bg7 3. g3 d6 4. Bg2 c5 5. d3 Nc6 6. f4 e5 7. Nge2 Nge7 8. O-O
O-O 9. Be3 Be6 10. fxe5 Nxe5 11. h3 Qd7 12. Kh2 b5 13. Nf4 b4 14. Nce2 a5 15.
c3 Rab8 16. Bg1 bxc3 17. bxc3 Rb2 18. d4 cxd4 19. cxd4 Nc4 20. d5 Bf5 21. exf5
Nxf5 22. Nd4 Nce3 23. Bxe3 Nxe3 24. Qd3 Nxf1+ 25. Rxf1 Qa4 26. Nf3 Qxa2 27. Qe4
a4 28. h4 a3 29. Ng5 Rf2 30. Rxf2 Qxf2 31. Nd3 Qd4 32. Nb4 Qxe4 33. Nxe4 Rb8
34. Na2 Be5 35. Kh3 Rb2 0-1

[Event "Madrid ch sf-A"]
[Site "Madrid ESP"]
[Date "2007.01.22"]
[Round "7.4"]
[White "Nuñez Muñoz, Jesus"]
[Black "Lozano Cortijo, Mariano"]
[Result "1/2-1/2"]
[WhiteElo "2205"]
[BlackElo "2181"]
[PlyCount "78"]
[EventDate "2007.01.08"]
[EventType "swiss"]
[EventRounds "9"]
[EventCountry "ESP"]
[Source "lmi"]
[SourceDate "2007.01.08"]

1. e4 e6 2. d4 d5 3. Nd2 Be7 4. Ngf3 dxe4 5. Nxe4 Nf6 6. Nxf6+ Bxf6 7. Bd3 c5
8. dxc5 Qa5+ 9. c3 Qxc5 10. O-O Bd7 11. Qe2 Nc6 12. Rd1 Rd8 13. Bf4 e5 14. Bg5
Qe7 15. Bxf6 Qxf6 16. Re1 Bg4 17. Be4 O-O 18. Bxc6 bxc6 19. Qxe5 Bxf3 20. Qxf6
gxf6 21. gxf3 Rd2 22. Rab1 Rb8 23. b4 Rxa2 24. Ra1 Rc2 25. Rxa7 Rxc3 26. Ree7
Rf8 27. Kg2 Kg7 28. Rec7 Rc4 29. Rab7 Kg6 30. Rb6 Rg8 31. Rcxc6 Rf4 32. Kg3 Rf5
33. f4 Kh5+ 34. Kf3 Rg4 35. Rc4 Rh4 36. Rb7 Kg6 37. b5 Rxh2 38. b6 Rh3+ 39. Ke4
Rxf4+ 1/2-1/2

[Event "Madrid ch sf-A"]
[Site "Madrid ESP"]
[Date "2007.01.22"]
[Round "7.6"]
[White "Lopez Heras, Arturo"]
[Black "Perez Cameselle, Francisco Jose"]
[Result "1/2-1/2"]
[WhiteElo "1947"]
[BlackElo "1984"]
[PlyCount "174"]
[EventDate "2007.01.08"]
[EventType "swiss"]
[EventRounds "9"]
[EventCountry "ESP"]
[Source "lmi"]
[SourceDate "2007.01.08"]

1. e4 g6 2. d4 c6 3. Nd2 d5 4. e5 Bg7 5. Nb3 b6 6. Nf3 Bg4 7. h3 Bxf3 8. Qxf3
e6 9. h4 h5 10. Bg5 Qc7 11. c3 Nd7 12. Qe3 Nh6 13. Bd3 Nf5 14. Bxf5 gxf5 15.
Rh3 c5 16. Rc1 c4 17. Nd2 b5 18. Rg3 Kf8 19. Be7+ Kxe7 20. Rxg7 Rag8 21. Qg5+
Kf8 22. Rxg8+ Rxg8 23. Qh6+ Ke8 24. g3 Nxe5 25. dxe5 Qxe5+ 26. Kf1 f4 27. Qxf4
Qxf4 28. gxf4 Rg4 29. Ke2 Rxh4 30. Ke3 Ke7 31. Nf3 Rh3 32. Rg1 a5 33. a3 Kf8
34. Ke2 b4 35. axb4 axb4 36. Rg3 Rh1 37. Ng1 bxc3 38. bxc3 h4 39. Rg4 h3 40.
Nf3 h2 41. Rh4 Rc1 42. Rxh2 Rxc3 43. Ne5 f6 44. Nd7+ Kf7 45. Rh6 Rc2+ 46. Ke1
d4 47. Nxf6 c3 48. Ng4 Rc1+ 49. Ke2 Rc2+ 50. Kd1 Ra2 51. Rh3 Kg6 52. Ne5+ Kf5
53. Nd3 Ke4 54. Kc1 Ra1+ 55. Kc2 Ra2+ 56. Kb3 Rd2 57. Nc5+ Kxf4 58. Nxe6+ Kf5
59. Nxd4+ Rxd4 60. Kxc3 Rd1 61. Kc2 Rd8 62. Rf3+ Kg4 63. Rf7 Rd6 64. f3+ Kg5
65. Kc3 Rd1 66. Kc4 Rd2 67. Kc5 Rd1 68. Kc6 Rd3 69. Kc5 Kg6 70. Rf8 Kg7 71. Rf4
Kg6 72. Kc4 Rd8 73. Rd4 Rxd4+ 74. Kxd4 Kf5 75. Ke3 Ke5 76. Kd3 Kf5 77. Kd2 Kf4
78. Ke2 Kf5 79. Ke3 Ke5 80. f4+ Kf6 81. Ke4 Ke6 82. f5+ Kf7 83. Kf3 Kf6 84. Kg4
Kf7 85. Kg5 Kg7 86. f6+ Kf7 87. Kf5 Kf8 1/2-1/2

[Event "Madrid ch sf-A"]
[Site "Madrid ESP"]
[Date "2007.01.22"]
[Round "7.7"]
[White "Pardo Robles, Jose Manuel"]
[Black "De Paz Nistal, Santiago"]
[Result "0-1"]
[WhiteElo "2032"]
[BlackElo "2180"]
[PlyCount "52"]
[EventDate "2007.01.08"]
[EventType "swiss"]
[EventRounds "9"]
[EventCountry "ESP"]
[Source "lmi"]
[SourceDate "2007.01.08"]

1. e4 c6 2. d4 d5 3. exd5 cxd5 4. c4 dxc4 5. Bxc4 Nf6 6. Nf3 e6 7. O-O Be7 8.
Nc3 O-O 9. Re1 Nbd7 10. Bb3 Nb6 11. d5 Nbxd5 12. Nxd5 Nxd5 13. Bxd5 exd5 14.
Re5 Be6 15. Bg5 Bf6 16. Bxf6 Qxf6 17. Qe2 Bg4 18. Rd1 Bxf3 19. gxf3 Rad8 20. a3
d4 21. Rd3 Qb6 22. Re4 Rd6 23. b4 h6 24. Re7 Qc6 25. Qd1 Rfd8 26. Qb3 Qc1+ 0-1